Birds of Australia Quiz - Statistics

General Stats
  • This quiz has been taken 14 times
  • The average score is 12 of 16
Answer Stats
Picture Answer % Correct
emu
100%
magpie
100%
pelican
100%
white ibis
100%
rainbow lorikeet
90%
sulphur crested cockatoo
90%
little corella
80%
long billed corella
80%
crimson rosella
70%
eastern rosella
70%
noisy miner
70%
red tailed black cockatoo
60%
superb fairywren
60%
yellow tailed black cockatoo
60%
dusky moorhen
50%
gang gang cockatoo
50%
No matching quizzes found
Score Distribution
Percent of People with Each Score
Percentile by Number Answered
Your Score History
You have not taken this quiz